| 000 | 00456nam a2200181Ia 4500 | ||
|---|---|---|---|
| 001 | 8032 | ||
| 005 | 20260306160539.0 | ||
| 008 | 260306t2013||||xx |||||||||||||| ||spa|| | ||
| 041 | _aESP | ||
| 082 |
_a370.1 _bC75 V. 2 |
||
| 100 |
_aGlave, Luis Miguel _eAUT |
||
| 245 | 0 | _aEntre la sumisión y la libertad, siglos XVII-XVIII | |
| 260 | _c2013 | ||
| 300 |
_axxvii, 251 páginas : _c26 cm. |
||
| 650 | _aGEN | ||
| 654 | _aCED | ||
| 942 |
_cLIB _dJUS _fJUS _2ddc _n |
||
| 999 |
_c8032 _d8032 |
||